| 000 | 00447nam a2200097Ia 4500 | ||
|---|---|---|---|
| 008 | 180130s9999 xx 000 0 und d | ||
| 245 |
_cBarrett, Denia G. _aIn and out of the displacement: the roles of interpretation and play in work with children |
||
| 260 | _c2013 | ||
| 300 | _aBook title: Child and adolescent psychotherapy and psychoanalysis : one hundred years after 'Little Hans'--Acession number C17211; pages 6 - 21 | ||
| 650 | _aPSYCHOTHERAPY | ||
| 999 |
_c354014 _d354014 |
||